Statistiques concernant Focus sur: le Qatar

Cliquez ici pour prendre le quiz!

Statistiques générales

  • Ce quiz a été pris 45 fois
  • Le résultat moyen est 6 sur 15

Statistiques - réponses

Informations recherchées Réponses % Correct
Nom des habitants du paysQatari
93%
Langue officielleArabe
88%
CapitaleDoha
86%
FrontièreArabie Saoudite
84%
Couleur du drapeau (gauche)Blanc
81%
Couleur du drapeau (droite)Rouge
79%
Superficie (arrondi à la dizaine de millier de kilomètres carrés près)11 586 kilomètres carrés
35%
Nombre d'habitants de la capitale (arrondi à la centaine de millier près)796 947 habitants
16%
Régime politiqueMonarchie absolue de droit divin
16%
Nombre d'habitants (arrondi au demi-million près)2 463 460 habitants
14%
Nom completEtat du Qatar
5%
Nom des habitants de la capitaleDohanais
2%
MonnaieRiyal qatarien
2%
Indicateur téléphonique+974
2%
Hymne nationalAs Salam al Amiri
0%

Distribution des résultats

Percentile par nombre de réponses

% des personnes avec chaque résultat

Votre développement - résultats

Vous n’avez pas pris ce quiz